000 00516nam a2200205Ia 4500
008 240509s9999 xx 000 0 und d
020 _a0008120321065
041 _aEng
082 _a004.0151
082 _bC31
100 _aCHANDRUPATLA T.R. & BELEGUNDU A.D.
245 0 _aINTRODUCATION TO FINITE ELEMENTS IN ENGINEERING :( With CD)
250 _a3rd ed.
260 _bNEW DELHI : PRINTICE HALL
260 _c2002
300 _a453 p.
650 _aFINITE ELEMENTS :
942 _2ddc
942 _cRBK
999 _c23013
_d23013
945 _a1
_bMadushi Gamage
_c1
_dMadushi Gamage